| 000 | 00696nam a2200241Ia 4500 | ||
|---|---|---|---|
| 003 | OSt | ||
| 005 | 20220928122326.0 | ||
| 006 | a|||||r|||| 00| 0 | ||
| 007 | ta | ||
| 008 | 220927b |||||||| |||| 00| 0 eng d | ||
| 024 | _a35350 | ||
| 037 | _cTextual | ||
| 040 |
_aSDCL _cSDCL _beng |
||
| 041 |
_2eng _aeng |
||
| 082 | _aT9(L).73'N7, L9 | ||
| 100 |
_aSamph Thomas _9457420 |
||
| 245 | 0 | _aEvaluation in medical education past, present, future. | |
| 260 |
_aCambridge _bBallinger Publishing _c1979 |
||
| 300 |
_axiv,334p. _ccm. |
||
| 700 |
_a Templeton Bryce _9457421 |
||
| 942 |
_hT9(L).73'N7, L9 _cTEXL _2CC |
||
| 999 |
_c770881 _d770881 |
||